|
|
|
|
| LEADER |
01178naa a2200217 i 4500 |
| 001 |
acta88055 |
| 005 |
20250613152216.0 |
| 008 |
250613s2025 hu o 100 hun d |
| 020 |
|
|
|a 978-963-688-052-1
|
| 040 |
|
|
|a SZTE Egyetemi Kiadványok Repozitórium
|b hun
|
| 041 |
|
|
|a hun
|
| 100 |
1 |
|
|a Boros Rafael Ruben
|
| 245 |
1 |
0 |
|a Intelligens teljesítménymegosztás hibrid szünetmentes rendszerekben
|h [elektronikus dokumentum] :
|b [absztrakt] /
|c Boros Rafael Ruben
|
| 260 |
|
|
|a Szegedi Tudományegyetem Mérnöki Kar
|b Szeged
|c 2025
|
| 300 |
|
|
|a 62
|
| 490 |
0 |
|
|a Műszaki, technológiai és gazdasági kihívások a 21. században : nemzetközi magyar nyelvű tudományos konferencia
|
| 650 |
|
4 |
|a Műszaki és technológiai tudományok
|
| 650 |
|
4 |
|a Villamosmérnöki és informatikai tudományok
|
| 695 |
|
|
|a Megújuló energiaforrás - hasznosítás - szabályozástechnika - előadáskivonat, Mesterséges intelligencia alkalmazása - energiagazdálkodás - előadáskivonat
|
| 711 |
|
|
|a Műszaki, technológiai és gazdasági kihívások a 21. században
|c Szeged
|d 2025. május 30.
|
| 856 |
4 |
0 |
|u http://acta.bibl.u-szeged.hu/88055/1/mtg_kihivasok_konf_2025_062.pdf
|z Dokumentum-elérés
|